| 000 | 00520nam a2200181Ia 4500 | ||
|---|---|---|---|
| 999 |
_c28826 _d28826 |
||
| 003 | OSt | ||
| 005 | 20210105103042.0 | ||
| 008 | 190216s9999||||xx |||||||||||||| ||und|| | ||
| 020 | _a9788188011209 | ||
| 040 | _coclc | ||
| 082 |
_a894.812301 _bKUN/G |
||
| 100 |
_aKunhabdulla, K M K _98130 |
||
| 245 | 0 |
_aGodrayude Mudra / _cK M K Kunhabdulla |
|
| 260 |
_bLipi Publications, _aKozhikode: _c2007. |
||
| 300 | _a78p | ||
| 650 | _aKathakal | ||
| 942 |
_cBK _2ddc _h894.812301 _iKUN/G _k894.812301 _mKUN/G |
||